000 00503nam a2200181Ia 4500
999 _c37463
_d37463
003 OSt
005 20200929121337.0
008 190216s9999||||xx |||||||||||||| ||und||
020 _a9788121903677
040 _coclc
082 _a592
_bJOR/I
100 _aJordan, E L
_95115
245 0 _aInvertebrate Zoology /
_cE L Jordan ; P S Verma
260 _bS Chand & Company,
_aNew Delhi:
_c2007.
300 _a1127p
650 _aZoology
942 _cBK
_2ddc
_h592
_iJOR/I
_k592
_mJOR/I